| 000 | 01062nam0a22002411i 4500 | ||
|---|---|---|---|
| 001 | rc\910320 | ||
| 005 | 20240726000336.0 | ||
| 035 | _a(NLR Aleph) 006085152 | ||
| 090 |
_a5118285 _c5118285 |
||
| 100 | _a20041129d1984 u |0rusy50 ca | ||
| 101 | 0 | _arus | |
| 102 | _aRU | ||
| 105 | _ay ||||||||| | ||
| 200 | 1 |
_aЗакономерности пространственно-временного изменения элементов теплового баланса в среднегорном рельефе _e(На прим. вост. части трассы БАМ и юга Дальнего Востока) _eАвтореф. дис. на соиск. учен. степ. канд. геогр. наук _e(11.00.09) |
|
| 210 |
_aЛ. _d1984 |
||
| 215 | _a24 с. | ||
| 300 | _aВ надзаг.: ЛГУ им. А.А. Жданова | ||
| 320 | _aБиблиогр.: с. 23-24 (11 назв.) | ||
| 700 | 1 |
_aНовороцкий _bП.В. _gПетр Васильевич |
|
| 801 | 0 |
_aRU _bNLR _gpsbo |
|
| 801 | 1 |
_aRU _bELAR _2rusmarc |
|
| 852 |
_aNLR _j85-4/14068 |
||
| 942 | _cBOOK | ||